000 01696cam a22003614a 4500
001 11913468
003 NUST-PNEC
005 20170116180659.0
008 000215s2000 njua b 001 0 eng
010 _a 00024567
020 _a0896035719
040 _aDLC
_cPNEC
_dDLC
042 _apcc
050 0 0 _aQP519.9.S85
_bS87 2000
082 0 0 _a572.360 WIL
100 _9249
_aWilliams, John R.
245 0 0 _aSupercritical fluid methods and protocols
_cedited by John R. Williams and Anthony A. Clifford.
260 _aTotowa, N.J. :
_bHumana Press,
_c2000.
300 _axiv, 256 p. :
_bill. (some col.) ;
_c24 cm.
440 0 _aMethods in biotechnology ;
_v13
500 _aIncludes Index http://www.amazon.com/Supercritical-Fluid-Methods-Protocols-Biotechnology/dp/0896035719/ref=sr_1_1?s=books&ie=UTF8&qid=1410002446&sr=1-1&keywords=0896035719
504 _aIncludes bibliographical references and index.
650 0 _aSupercritical fluid extraction
_vLaboratory manuals.
_xME
650 0 _aSupercritical fluid chromatography
_vLaboratory manuals.
650 0 _aBiomolecules
_xSeparation
_vLaboratory manuals.
700 1 _aWilliams, John R.,
_d1967-
700 1 _aClifford, Tony
_q(Anthony)
856 4 2 _3Publisher description
_uhttp://www.loc.gov/catdir/enhancements/fy0825/00024567-d.html
856 4 1 _3Table of contents only
_uhttp://www.loc.gov/catdir/enhancements/fy0825/00024567-t.html
906 _a7
_bcbc
_corignew
_d1
_eocip
_f20
_gy-gencatlg
942 _2ddc
_cBK
999 _c60487
_d60487